[Event "April 9 Early 2024"]
[Site "Chess.com"]
[Date "2024.04.09"]
[Round "4"]
[White "Semenova, Alina"]
[Black "Escudero Donoso, Felipe"]
[Result "1-0"]
[Board "262"]
[WhiteFideId "24113875"]
[BlackFideId "3410595"]
[WhiteTitle "WFM"]
[BlackTitle "CM"]
[WhiteElo "2142"]
[BlackElo "2304"]
[WhiteTeam "RUS"]
[BlackTeam "CHI"]
[WhiteClock "0:00:10"]
[BlackClock "0:00:12"]
[Variant "Standard"]

1. e4 {[%clk 0:03:00]}  e6 {[%clk 0:03:00]} 2. d4 {[%clk 0:02:59]}  d5 {[%clk 0:03:01]} 3. Nd2 {[%clk 0:03:00]}  c5 {[%clk 0:03:00]} 4. exd5 {[%clk 0:03:00]}  Qxd5 {[%clk 0:02:59]} 5. Ngf3 {[%clk 0:02:59]}  cxd4 {[%clk 0:02:57]} 6. Bc4 {[%clk 0:03:00]}  Qd6 {[%clk 0:02:54]} 7. O-O {[%clk 0:03:00]}  Nf6 {[%clk 0:02:53]} 8. Nb3 {[%clk 0:02:59]}  Qc7 {[%clk 0:02:48]} 9. Be2 {[%clk 0:02:46]}  e5 {[%clk 0:02:45]} 10. Bb5+ {[%clk 0:02:46]}  Bd7 {[%clk 0:02:40]} 11. Re1 {[%clk 0:02:39]}  Be7 {[%clk 0:02:20]} 12. Rxe5 {[%clk 0:02:23]}  Bxb5 {[%clk 0:02:14]} 13. Rxb5 {[%clk 0:02:21]}  O-O {[%clk 0:02:12]} 14. Nbxd4 {[%clk 0:02:19]}  Rd8 {[%clk 0:02:11]} 15. c3 {[%clk 0:02:16]}  Nc6 {[%clk 0:02:09]} 16. Qe2 {[%clk 0:02:07]}  a6 {[%clk 0:01:58]} 17. Nxc6 {[%clk 0:01:53]}  Qxc6 {[%clk 0:01:35]} 18. Re5 {[%clk 0:01:45]}  Bd6 {[%clk 0:01:35]} 19. Rg5 {[%clk 0:01:43]}  Ne4 {[%clk 0:01:33]} 20. Rg4 {[%clk 0:01:43]}  Re8 {[%clk 0:01:33]} 21. Be3 {[%clk 0:01:35]}  f5 {[%clk 0:01:33]} 22. Nd4 {[%clk 0:01:26]}  Qd5 {[%clk 0:01:22]} 23. Rh4 {[%clk 0:01:14]}  Be7 {[%clk 0:01:03]} 24. Rf4 {[%clk 0:01:03]}  g6 {[%clk 0:01:03]} 25. c4 {[%clk 0:00:31]}  Qd6 {[%clk 0:00:54]} 26. Rd1 {[%clk 0:00:31]}  Rad8 {[%clk 0:00:51]} 27. Rxe4 {[%clk 0:00:16]}  fxe4 {[%clk 0:00:47]} 28. Rd2 {[%clk 0:00:17]}  Qe5 {[%clk 0:00:35]} 29. b3 {[%clk 0:00:10]}  Bb4 {[%clk 0:00:33]} 30. Rd1 {[%clk 0:00:07]}  Rd7 {[%clk 0:00:20]} 31. Nc2 {[%clk 0:00:04]}  Rxd1+ {[%clk 0:00:17]} 32. Qxd1 {[%clk 0:00:05]}  Bc5 {[%clk 0:00:16]} 33. Bxc5 {[%clk 0:00:04]}  Qxc5 {[%clk 0:00:16]} 34. Ne3 {[%clk 0:00:04]}  Rf8 {[%clk 0:00:12]} 35. g3 {[%clk 0:00:03]}  b5 {[%clk 0:00:11]} 36. cxb5 {[%clk 0:00:02]}  axb5 {[%clk 0:00:12]} 37. Qd5+ {[%clk 0:00:02]}  Qxd5 {[%clk 0:00:12]} 38. Nxd5 {[%clk 0:00:03]}  Ra8 {[%clk 0:00:11]} 39. Nb4 {[%clk 0:00:03]}  Kf7 {[%clk 0:00:10]} 40. Kf1 {[%clk 0:00:04]}  Ke6 {[%clk 0:00:11]} 41. Ke2 {[%clk 0:00:04]}  Ke5 {[%clk 0:00:11]} 42. Ke3 {[%clk 0:00:04]}  Rd8 {[%clk 0:00:11]} 43. Nc6+ {[%clk 0:00:05]}  Kd6 {[%clk 0:00:11]} 44. Nxd8 {[%clk 0:00:05]}  Kc5 {[%clk 0:00:11]} 45. Ne6+ {[%clk 0:00:06]}  Kb4 {[%clk 0:00:12]} 46. Kxe4 {[%clk 0:00:06]}  Ka3 {[%clk 0:00:12]} 47. Nd4 {[%clk 0:00:07]}  b4 {[%clk 0:00:13]} 48. Nc2+ {[%clk 0:00:07]}  Kxa2 {[%clk 0:00:12]} 49. Nxb4+ {[%clk 0:00:08]}  Kxb3 {[%clk 0:00:13]} 50. Nd5 {[%clk 0:00:09]}  Kc4 {[%clk 0:00:12]} 51. Nf6 {[%clk 0:00:10]} 1-0

[Event "April 9 Early 2024"]
[Site "Chess.com"]
[Date "2024.04.09"]
[Round "4"]
[White "Dovzik, Juri"]
[Black "Hoffmann, Asa"]
[Result "0-1"]
[Board "263"]
[WhiteFideId "14100223"]
[BlackFideId "2001470"]
[WhiteTitle "IM"]
[BlackTitle "FM"]
[WhiteElo "2133"]
[BlackElo "2303"]
[WhiteTeam "UKR"]
[BlackTeam "USA"]
[WhiteClock "0:00:31"]
[BlackClock "0:01:28"]
[Variant "Standard"]

1. b3 {[%clk 0:02:57]}  d6 {[%clk 0:02:58]} 2. d4 {[%clk 0:02:53]}  Nf6 {[%clk 0:02:57]} 3. c4 {[%clk 0:02:49]}  Bf5 {[%clk 0:02:56]} 4. Bb2 {[%clk 0:02:46]}  Nbd7 {[%clk 0:02:55]} 5. Nd2 {[%clk 0:02:44]}  e5 {[%clk 0:02:53]} 6. e3 {[%clk 0:02:34]}  Be7 {[%clk 0:02:51]} 7. Ne2 {[%clk 0:02:25]}  O-O {[%clk 0:02:45]} 8. Ng3 {[%clk 0:02:22]}  Bg6 {[%clk 0:02:45]} 9. Be2 {[%clk 0:02:18]}  c6 {[%clk 0:02:43]} 10. O-O {[%clk 0:02:16]}  a5 {[%clk 0:02:43]} 11. f4 {[%clk 0:02:09]}  exf4 {[%clk 0:02:38]} 12. exf4 {[%clk 0:02:08]}  h6 {[%clk 0:02:37]} 13. f5 {[%clk 0:02:05]}  Bh7 {[%clk 0:02:36]} 14. a3 {[%clk 0:01:59]}  d5 {[%clk 0:02:34]} 15. c5 {[%clk 0:01:56]}  b6 {[%clk 0:02:34]} 16. b4 {[%clk 0:01:51]}  Re8 {[%clk 0:02:33]} 17. Bd3 {[%clk 0:01:50]}  Bf8 {[%clk 0:02:23]} 18. Bc3 {[%clk 0:01:47]}  a4 {[%clk 0:02:19]} 19. Qf3 {[%clk 0:01:39]}  bxc5 {[%clk 0:02:09]} 20. bxc5 {[%clk 0:01:24]}  Nxc5 {[%clk 0:02:09]} 21. dxc5 {[%clk 0:01:21]}  Bxc5+ {[%clk 0:02:08]} 22. Kh1 {[%clk 0:01:13]}  Re3 {[%clk 0:02:08]} 23. Qf2 {[%clk 0:00:54]}  Ng4 {[%clk 0:02:01]} 24. Qf4 {[%clk 0:00:53]}  Qh4 {[%clk 0:02:00]} 25. h3 {[%clk 0:00:44]}  Rxg3 {[%clk 0:01:54]} 26. Nf3 {[%clk 0:00:37]}  Rxh3+ {[%clk 0:01:39]} 27. gxh3 {[%clk 0:00:31]}  Nf2+ {[%clk 0:01:28]} 0-1

[Event "April 9 Early 2024"]
[Site "Chess.com"]
[Date "2024.04.09"]
[Round "4"]
[White "Winkels, Marcel"]
[Black "Ariel Marichal Gonzalez"]
[Result "0-1"]
[Board "265"]
[WhiteFideId "1003887"]
[BlackFideId "3503232"]
[WhiteTitle "CM"]
[BlackTitle "IM"]
[WhiteElo "2036"]
[BlackElo "2297"]
[WhiteTeam "NED"]
[BlackTeam "VEN"]
[WhiteClock "0:00:14"]
[BlackClock "0:01:24"]
[Variant "Standard"]

1. e4 {[%clk 0:03:00]}  c5 {[%clk 0:02:57]} 2. Nf3 {[%clk 0:02:59]}  Nc6 {[%clk 0:02:50]} 3. d4 {[%clk 0:02:59]}  cxd4 {[%clk 0:02:50]} 4. Nxd4 {[%clk 0:03:00]}  Nf6 {[%clk 0:02:51]} 5. Nc3 {[%clk 0:02:59]}  e5 {[%clk 0:02:50]} 6. Ndb5 {[%clk 0:02:59]}  d6 {[%clk 0:02:49]} 7. Bg5 {[%clk 0:03:00]}  a6 {[%clk 0:02:50]} 8. Na3 {[%clk 0:03:00]}  b5 {[%clk 0:02:50]} 9. Nab1 {[%clk 0:02:45]}  Rb8 {[%clk 0:02:49]} 10. Bxf6 {[%clk 0:02:42]}  gxf6 {[%clk 0:02:46]} 11. Nd5 {[%clk 0:02:43]}  Bg7 {[%clk 0:02:45]} 12. a4 {[%clk 0:02:40]}  bxa4 {[%clk 0:02:41]} 13. Bc4 {[%clk 0:02:37]}  O-O {[%clk 0:02:36]} 14. Rxa4 {[%clk 0:02:23]}  Rxb2 {[%clk 0:02:31]} 15. Bxa6 {[%clk 0:02:17]}  Be6 {[%clk 0:02:28]} 16. O-O {[%clk 0:01:55]}  Nd4 {[%clk 0:02:16]} 17. Ne3 {[%clk 0:01:49]}  Bh6 {[%clk 0:02:06]} 18. c3 {[%clk 0:01:41]}  Nb5 {[%clk 0:01:50]} 19. Rb4 {[%clk 0:01:23]}  Nxc3 {[%clk 0:01:44]} 20. Rxb2 {[%clk 0:01:05]}  Nxd1 {[%clk 0:01:43]} 21. Rxd1 {[%clk 0:01:05]}  Bxe3 {[%clk 0:01:43]} 22. fxe3 {[%clk 0:01:05]}  f5 {[%clk 0:01:38]} 23. Nc3 {[%clk 0:00:42]}  Qa5 {[%clk 0:01:33]} 24. exf5 {[%clk 0:00:25]}  Qxc3 {[%clk 0:01:31]} 25. Rf2 {[%clk 0:00:20]}  Bb3 {[%clk 0:01:28]} 26. Rdf1 {[%clk 0:00:19]}  Qxe3 {[%clk 0:01:27]} 27. Kh1 {[%clk 0:00:18]}  Bd5 {[%clk 0:01:26]} 28. f6 {[%clk 0:00:17]}  Kh8 {[%clk 0:01:25]} 29. Be2 {[%clk 0:00:15]}  Rg8 {[%clk 0:01:25]} 30. Bf3 {[%clk 0:00:15]}  Bxf3 {[%clk 0:01:25]} 31. Rxf3 {[%clk 0:00:15]}  Qe2 {[%clk 0:01:25]} 32. h3 {[%clk 0:00:14]}  Qxg2# {[%clk 0:01:24]} 0-1

[Event "April 9 Early 2024"]
[Site "Chess.com"]
[Date "2024.04.09"]
[Round "4"]
[White "Jordan, Christian"]
[Black "Vincenti, Leonardo"]
[Result "0-1"]
[Board "267"]
[WhiteFideId "4681193"]
[BlackFideId "28550820"]
[WhiteTitle "CM"]
[BlackTitle "CM"]
[WhiteElo "2015"]
[BlackElo "2290"]
[WhiteTeam "GER"]
[BlackTeam "ITA"]
[WhiteClock "0:00:08"]
[BlackClock "0:02:04"]
[Variant "Standard"]

1. e4 {[%clk 0:02:58]}  d5 {[%clk 0:02:59]} 2. exd5 {[%clk 0:02:55]}  Qxd5 {[%clk 0:03:00]} 3. Nc3 {[%clk 0:02:49]}  Qe5+ {[%clk 0:03:00]} 4. Be2 {[%clk 0:02:44]}  Nc6 {[%clk 0:02:57]} 5. Nf3 {[%clk 0:02:41]}  Qf6 {[%clk 0:02:56]} 6. d3 {[%clk 0:02:36]}  h6 {[%clk 0:02:53]} 7. Be3 {[%clk 0:02:27]}  e5 {[%clk 0:02:52]} 8. Qd2 {[%clk 0:02:24]}  Bb4 {[%clk 0:02:51]} 9. O-O-O {[%clk 0:02:17]}  Nge7 {[%clk 0:02:49]} 10. h3 {[%clk 0:01:24]}  Be6 {[%clk 0:02:44]} 11. g4 {[%clk 0:01:21]}  Bxa2 {[%clk 0:02:41]} 12. g5 {[%clk 0:01:18]}  Qe6 {[%clk 0:02:37]} 13. gxh6 {[%clk 0:01:14]}  gxh6 {[%clk 0:02:38]} 14. Nh4 {[%clk 0:00:50]}  O-O-O {[%clk 0:02:32]} 15. f4 {[%clk 0:00:45]}  exf4 {[%clk 0:02:20]} 16. Bxf4 {[%clk 0:00:43]}  Bxc3 {[%clk 0:02:17]} 17. bxc3 {[%clk 0:00:38]}  Qd5 {[%clk 0:02:09]} 18. Bf3 {[%clk 0:00:32]}  Qa5 {[%clk 0:02:08]} 19. Qe1 {[%clk 0:00:27]}  Be6 {[%clk 0:02:07]} 20. Bg4 {[%clk 0:00:17]}  Bxg4 {[%clk 0:02:05]} 21. hxg4 {[%clk 0:00:17]}  Nd5 {[%clk 0:02:06]} 22. c4 {[%clk 0:00:11]}  Qxe1 {[%clk 0:02:04]} 23. Rdxe1 {[%clk 0:00:08]}  Nxf4 {[%clk 0:02:04]} 0-1

[Event "April 9 Early 2024"]
[Site "Chess.com"]
[Date "2024.04.10"]
[Round "4"]
[White "Bezerra, Natacio Goncalves"]
[Black "Blokhin, Sofia"]
[Result "1-0"]
[Board "268"]
[WhiteFideId "2134314"]
[BlackFideId "4508190"]
[BlackTitle "WFM"]
[WhiteElo "1997"]
[BlackElo "2290"]
[WhiteTeam "BRA"]
[BlackTeam "EST"]
[WhiteClock "0:01:25"]
[BlackClock "0:00:37"]
[Variant "Standard"]

1. e4 {[%clk 0:03:00]}  c5 {[%clk 0:02:59]} 2. Nf3 {[%clk 0:03:00]}  e6 {[%clk 0:02:59]} 3. g3 {[%clk 0:03:00]}  Nc6 {[%clk 0:02:58]} 4. Bg2 {[%clk 0:03:00]}  g6 {[%clk 0:02:58]} 5. d4 {[%clk 0:02:58]}  d5 {[%clk 0:02:46]} 6. exd5 {[%clk 0:02:49]}  exd5 {[%clk 0:02:45]} 7. O-O {[%clk 0:02:49]}  c4 {[%clk 0:02:40]} 8. Re1+ {[%clk 0:02:34]}  Be6 {[%clk 0:02:34]} 9. Ng5 {[%clk 0:02:25]}  Bg7 {[%clk 0:02:24]} 10. Nxe6 {[%clk 0:02:24]}  fxe6 {[%clk 0:02:24]} 11. Rxe6+ {[%clk 0:02:24]}  Kf7 {[%clk 0:02:24]} 12. Re1 {[%clk 0:01:51]}  Nxd4 {[%clk 0:02:18]} 13. c3 {[%clk 0:01:51]}  Nf5 {[%clk 0:01:56]} 14. Bxd5+ {[%clk 0:01:49]}  Kf8 {[%clk 0:01:54]} 15. Qf3 {[%clk 0:01:47]}  Nf6 {[%clk 0:01:50]} 16. Be6 {[%clk 0:01:38]}  Nd6 {[%clk 0:01:39]} 17. Bg5 {[%clk 0:01:36]}  h6 {[%clk 0:01:36]} 18. Bf4 {[%clk 0:01:27]}  a5 {[%clk 0:01:10]} 19. Bxd6+ {[%clk 0:01:25]}  Qxd6 {[%clk 0:00:37]} 20. Qxb7 {[%clk 0:01:25]} 1-0

[Event "April 9 Early 2024"]
[Site "Chess.com"]
[Date "2024.04.09"]
[Round "4"]
[White "Yevchenko, Oleksandr"]
[Black "Smirnov, Timofey"]
[Result "1-0"]
[Board "270"]
[WhiteFideId "14108267"]
[BlackFideId "24176427"]
[WhiteTitle "CM"]
[BlackTitle "FM"]
[WhiteElo "2262"]
[BlackElo "1950"]
[WhiteTeam "UKR"]
[BlackTeam "RUS"]
[WhiteClock "0:01:12"]
[BlackClock "0:00:34"]
[Variant "Standard"]

1. c4 {[%clk 0:03:00]}  c6 {[%clk 0:02:59]} 2. e4 {[%clk 0:03:00]}  d5 {[%clk 0:02:59]} 3. exd5 {[%clk 0:03:01]}  cxd5 {[%clk 0:03:00]} 4. cxd5 {[%clk 0:03:01]}  Nf6 {[%clk 0:03:01]} 5. Nc3 {[%clk 0:03:01]}  Nxd5 {[%clk 0:03:00]} 6. Bc4 {[%clk 0:03:02]}  e6 {[%clk 0:02:57]} 7. Nf3 {[%clk 0:02:59]}  Nc6 {[%clk 0:02:50]} 8. O-O {[%clk 0:02:55]}  Be7 {[%clk 0:02:47]} 9. d4 {[%clk 0:02:53]}  O-O {[%clk 0:02:43]} 10. a3 {[%clk 0:02:51]}  a6 {[%clk 0:02:37]} 11. Re1 {[%clk 0:02:43]}  b5 {[%clk 0:02:35]} 12. Bd3 {[%clk 0:02:43]}  h6 {[%clk 0:02:27]} 13. Qe2 {[%clk 0:02:38]}  Na5 {[%clk 0:02:09]} 14. Nxd5 {[%clk 0:02:29]}  Qxd5 {[%clk 0:02:04]} 15. Be4 {[%clk 0:02:29]}  Qd8 {[%clk 0:01:40]} 16. Bxa8 {[%clk 0:02:28]}  Nb3 {[%clk 0:01:40]} 17. Rb1 {[%clk 0:02:21]}  Nxc1 {[%clk 0:01:39]} 18. Rbxc1 {[%clk 0:02:19]}  Bf6 {[%clk 0:01:33]} 19. Be4 {[%clk 0:02:17]}  Qb6 {[%clk 0:01:30]} 20. Red1 {[%clk 0:02:10]}  Bb7 {[%clk 0:01:29]} 21. Bxb7 {[%clk 0:02:07]}  Qxb7 {[%clk 0:01:30]} 22. Ne5 {[%clk 0:02:07]}  Rd8 {[%clk 0:01:23]} 23. h3 {[%clk 0:02:00]}  Qd5 {[%clk 0:01:17]} 24. Qf3 {[%clk 0:01:56]}  Qd6 {[%clk 0:01:08]} 25. Rc6 {[%clk 0:01:50]}  Qb8 {[%clk 0:00:58]} 26. Rxa6 {[%clk 0:01:29]}  b4 {[%clk 0:00:49]} 27. Nc6 {[%clk 0:01:25]}  Qb7 {[%clk 0:00:34]} 28. Ra7 {[%clk 0:01:12]} 1-0

[Event "April 9 Early 2024"]
[Site "Chess.com"]
[Date "2024.04.10"]
[Round "4"]
[White "Huayhuas Robles, Laura Sofia"]
[Black "Denis Kozlov"]
[Result "0-1"]
[Board "273"]
[WhiteFideId "3836517"]
[BlackFideId "54104319"]
[WhiteTitle "WCM"]
[BlackTitle "FM"]
[WhiteElo "1866"]
[BlackElo "2255"]
[WhiteTeam "PER"]
[BlackTeam "RUS"]
[WhiteClock "0:00:13"]
[BlackClock "0:00:13"]
[Variant "Standard"]

1. d4 {[%clk 0:03:00]}  Nf6 {[%clk 0:02:59]} 2. c4 {[%clk 0:03:01]}  e6 {[%clk 0:02:59]} 3. Nc3 {[%clk 0:03:00]}  Bb4 {[%clk 0:02:58]} 4. Qc2 {[%clk 0:03:01]}  c5 {[%clk 0:02:56]} 5. dxc5 {[%clk 0:03:01]}  Na6 {[%clk 0:02:51]} 6. Nf3 {[%clk 0:02:56]}  Nxc5 {[%clk 0:02:46]} 7. e3 {[%clk 0:02:56]}  b6 {[%clk 0:02:41]} 8. Be2 {[%clk 0:02:53]}  Nfe4 {[%clk 0:02:34]} 9. Bd2 {[%clk 0:02:40]}  Nxd2 {[%clk 0:02:10]} 10. Nxd2 {[%clk 0:02:40]}  Bb7 {[%clk 0:02:06]} 11. O-O {[%clk 0:02:40]}  Rc8 {[%clk 0:01:55]} 12. Bf3 {[%clk 0:02:28]}  O-O {[%clk 0:01:47]} 13. Rfd1 {[%clk 0:02:05]}  Qe7 {[%clk 0:01:19]} 14. a3 {[%clk 0:02:00]}  Bxc3 {[%clk 0:01:16]} 15. Qxc3 {[%clk 0:02:01]}  Bxf3 {[%clk 0:00:53]} 16. Nxf3 {[%clk 0:02:00]}  Rc7 {[%clk 0:00:42]} 17. b4 {[%clk 0:01:28]}  Ne4 {[%clk 0:00:42]} 18. Qd4 {[%clk 0:01:25]}  f5 {[%clk 0:00:37]} 19. Nd2 {[%clk 0:01:06]}  Nf6 {[%clk 0:00:33]} 20. Rac1 {[%clk 0:01:00]}  Rfc8 {[%clk 0:00:33]} 21. Nb3 {[%clk 0:00:56]}  d5 {[%clk 0:00:31]} 22. c5 {[%clk 0:00:55]}  e5 {[%clk 0:00:25]} 23. Qd3 {[%clk 0:00:45]}  Qe6 {[%clk 0:00:25]} 24. cxb6 {[%clk 0:00:38]}  axb6 {[%clk 0:00:21]} 25. h3 {[%clk 0:00:21]}  Rxc1 {[%clk 0:00:17]} 26. Rxc1 {[%clk 0:00:21]}  Rxc1+ {[%clk 0:00:16]} 27. Nxc1 {[%clk 0:00:22]}  Qc6 {[%clk 0:00:16]} 28. Ne2 {[%clk 0:00:18]}  Qc4 {[%clk 0:00:12]} 29. Qxc4 {[%clk 0:00:11]}  dxc4 {[%clk 0:00:13]} 30. Kf1 {[%clk 0:00:11]}  Ne4 {[%clk 0:00:12]} 31. f3 {[%clk 0:00:06]}  Nf6 {[%clk 0:00:05]} 32. Ke1 {[%clk 0:00:06]}  Nd5 {[%clk 0:00:05]} 33. Kd2 {[%clk 0:00:06]}  Kf7 {[%clk 0:00:05]} 34. Nc3 {[%clk 0:00:04]}  Nc7 {[%clk 0:00:04]} 35. a4 {[%clk 0:00:02]}  Ke6 {[%clk 0:00:05]} 36. Nb5 {[%clk 0:00:02]}  Nxb5 {[%clk 0:00:04]} 37. axb5 {[%clk 0:00:03]}  Kd5 {[%clk 0:00:05]} 38. Kc3 {[%clk 0:00:03]}  h5 {[%clk 0:00:05]} 39. e4+ {[%clk 0:00:01]}  fxe4 {[%clk 0:00:04]} 40. fxe4+ {[%clk 0:00:02]}  Kxe4 {[%clk 0:00:05]} 41. Kxc4 {[%clk 0:00:03]}  Kf4 {[%clk 0:00:05]} 42. Kd5 {[%clk 0:00:03]}  e4 {[%clk 0:00:06]} 43. Kc6 {[%clk 0:00:03]}  e3 {[%clk 0:00:06]} 44. Kxb6 {[%clk 0:00:04]}  e2 {[%clk 0:00:07]} 45. Ka7 {[%clk 0:00:04]}  e1=Q {[%clk 0:00:08]} 46. b6 {[%clk 0:00:05]}  Qxb4 {[%clk 0:00:08]} 47. b7 {[%clk 0:00:06]}  Kg3 {[%clk 0:00:09]} 48. b8=Q+ {[%clk 0:00:06]}  Qxb8+ {[%clk 0:00:09]} 49. Kxb8 {[%clk 0:00:07]}  Kxg2 {[%clk 0:00:09]} 50. Kc7 {[%clk 0:00:07]}  Kxh3 {[%clk 0:00:10]} 51. Kd6 {[%clk 0:00:08]}  Kg3 {[%clk 0:00:10]} 52. Ke5 {[%clk 0:00:09]}  h4 {[%clk 0:00:11]} 53. Kf5 {[%clk 0:00:10]}  h3 {[%clk 0:00:12]} 54. Kg5 {[%clk 0:00:11]}  h2 {[%clk 0:00:13]} 55. Kg6 {[%clk 0:00:12]}  h1=Q {[%clk 0:00:14]} 56. Kxg7 {[%clk 0:00:13]}  Qh5 {[%clk 0:00:14]} 57. Kf6 {[%clk 0:00:13]}  Kg4 {[%clk 0:00:14]} 58. Kg7 {[%clk 0:00:13]}  Qf5 {[%clk 0:00:12]} 59. Kg8 {[%clk 0:00:14]}  Qf6 {[%clk 0:00:12]} 60. Kh7 {[%clk 0:00:14]}  Kg5 {[%clk 0:00:12]} 61. Kg8 {[%clk 0:00:15]}  Qe7 {[%clk 0:00:12]} 62. Kh8 {[%clk 0:00:13]}  Kg6 {[%clk 0:00:13]} 0-1

[Event "April 9 Early 2024"]
[Site "Chess.com"]
[Date "2024.04.09"]
[Round "5"]
[White "Sielecki, Christof"]
[Black "Henriquez Villagra, Cristobal"]
[Result "1/2-1/2"]
[Board "21"]
[WhiteFideId "4620437"]
[BlackFideId "3409350"]
[WhiteTitle "IM"]
[BlackTitle "GM"]
[WhiteElo "2602"]
[BlackElo "2900"]
[WhiteTeam "GER"]
[BlackTeam "CHI"]
[WhiteClock "0:00:09"]
[BlackClock "0:00:07"]
[Variant "Standard"]

1. d4 {[%clk 0:03:00]}  d6 {[%clk 0:02:59]} 2. g3 {[%clk 0:03:00]}  Nf6 {[%clk 0:02:55]} 3. Bg2 {[%clk 0:02:59]}  c6 {[%clk 0:02:51]} 4. Nf3 {[%clk 0:02:56]}  Bf5 {[%clk 0:02:50]} 5. O-O {[%clk 0:02:55]}  h6 {[%clk 0:02:51]} 6. c4 {[%clk 0:02:53]}  e6 {[%clk 0:02:50]} 7. Nc3 {[%clk 0:02:54]}  d5 {[%clk 0:02:51]} 8. Nd2 {[%clk 0:02:46]}  Be7 {[%clk 0:02:48]} 9. e4 {[%clk 0:02:45]}  dxe4 {[%clk 0:02:48]} 10. Ndxe4 {[%clk 0:02:46]}  O-O {[%clk 0:02:47]} 11. Bf4 {[%clk 0:02:40]}  Nxe4 {[%clk 0:01:18]} 12. Nxe4 {[%clk 0:02:38]}  Qb6 {[%clk 0:01:18]} 13. d5 {[%clk 0:02:24]}  cxd5 {[%clk 0:01:10]} 14. cxd5 {[%clk 0:02:22]}  Rd8 {[%clk 0:01:04]} 15. Qb3 {[%clk 0:02:09]}  Qxb3 {[%clk 0:00:56]} 16. axb3 {[%clk 0:02:08]}  Bxe4 {[%clk 0:00:56]} 17. Bxe4 {[%clk 0:02:07]}  exd5 {[%clk 0:00:57]} 18. Bg2 {[%clk 0:01:54]}  Nc6 {[%clk 0:00:46]} 19. Rfd1 {[%clk 0:01:53]}  Nb4 {[%clk 0:00:46]} 20. Bd2 {[%clk 0:01:44]}  Nc2 {[%clk 0:00:37]} 21. Ra5 {[%clk 0:01:40]}  Nd4 {[%clk 0:00:30]} 22. Rxd5 {[%clk 0:01:38]}  Rxd5 {[%clk 0:00:28]} 23. Bxd5 {[%clk 0:01:38]}  Rd8 {[%clk 0:00:28]} 24. Bc3 {[%clk 0:01:15]}  Rxd5 {[%clk 0:00:25]} 25. Rxd4 {[%clk 0:01:12]}  Rb5 {[%clk 0:00:18]} 26. b4 {[%clk 0:01:05]}  f6 {[%clk 0:00:15]} 27. Kf1 {[%clk 0:01:04]}  Kf7 {[%clk 0:00:16]} 28. Ke2 {[%clk 0:01:02]}  g5 {[%clk 0:00:16]} 29. g4 {[%clk 0:01:01]}  Ke6 {[%clk 0:00:14]} 30. Kd3 {[%clk 0:01:00]}  a6 {[%clk 0:00:13]} 31. f4 {[%clk 0:00:56]}  f5 {[%clk 0:00:10]} 32. h3 {[%clk 0:00:49]}  fxg4 {[%clk 0:00:06]} 33. hxg4 {[%clk 0:00:49]}  gxf4 {[%clk 0:00:06]} 34. Rxf4 {[%clk 0:00:50]}  Bg5 {[%clk 0:00:03]} 35. Re4+ {[%clk 0:00:49]}  Kf7 {[%clk 0:00:03]} 36. Kc4 {[%clk 0:00:46]}  Bc1 {[%clk 0:00:03]} 37. Bd4 {[%clk 0:00:42]}  Kg6 {[%clk 0:00:03]} 38. Re6+ {[%clk 0:00:32]}  Kg5 {[%clk 0:00:04]} 39. Bg7 {[%clk 0:00:31]}  Kxg4 {[%clk 0:00:02]} 40. Bxh6 {[%clk 0:00:29]}  Bxb2 {[%clk 0:00:03]} 41. Bf8 {[%clk 0:00:23]}  Kf5 {[%clk 0:00:04]} 42. Re2 {[%clk 0:00:22]}  Be5 {[%clk 0:00:04]} 43. Bc5 {[%clk 0:00:20]}  b6 {[%clk 0:00:04]} 44. Bf2 {[%clk 0:00:13]}  Bd6 {[%clk 0:00:04]} 45. Be1 {[%clk 0:00:12]}  Re5 {[%clk 0:00:04]} 46. Rxe5+ {[%clk 0:00:11]}  Kxe5 {[%clk 0:00:04]} 47. b5 {[%clk 0:00:06]}  a5 {[%clk 0:00:05]} 48. Bf2 {[%clk 0:00:05]}  a4 {[%clk 0:00:02]} 49. Bxb6 {[%clk 0:00:04]}  Ke6 {[%clk 0:00:03]} 50. Bd4 {[%clk 0:00:05]}  Kd7 {[%clk 0:00:04]} 51. Bc3 {[%clk 0:00:04]}  Kc7 {[%clk 0:00:04]} 52. Bb4 {[%clk 0:00:04]}  Be5 {[%clk 0:00:03]} 53. Bc5 {[%clk 0:00:04]}  Kb7 {[%clk 0:00:03]} 54. Kb4 {[%clk 0:00:05]}  Bc7 {[%clk 0:00:04]} 55. Kxa4 {[%clk 0:00:05]}  Bd8 {[%clk 0:00:04]} 56. Kb4 {[%clk 0:00:06]}  Bc7 {[%clk 0:00:05]} 57. Kc4 {[%clk 0:00:06]}  Ba5 {[%clk 0:00:06]} 58. Kd5 {[%clk 0:00:07]}  Bc7 {[%clk 0:00:06]} 59. Kc4 {[%clk 0:00:07]}  Ba5 {[%clk 0:00:07]} 60. Kd5 {[%clk 0:00:08]}  Bc7 {[%clk 0:00:07]} 61. Kc4 {[%clk 0:00:09]} 1/2-1/2